000 00361 a2200169 4500
001 69785
020 _a8508089511
040 _cAnchieta - Itaigara
100 _aIacocca, Michele
240 1 0 _aO que fazer?
_lpor
245 1 0 _aO que fazer?
300 _a[48p.]
362 0 _a2003
440 1 _aÁtica
650 4 _aLiteratura infanto-juvenil
942 _cBK
999 _c69785
_d69785